1835 1140 1724 1389 1894 1899 1476 1306 1552 1062 1199 1558 1012 1977 1472 1533 1074 1591 1755 1329 1034 1027 1020 1627 1810 1870 1893 1672 1033 1282 1691 1812 1487 1563 1384 1890 1120 1931 1250 1714 1246 1069 1012 1044 1390 1551 1140 1846 1767 1870 1300 1570 1676 1562 1057 1987 1860 1442 1798 1918 1813 1267 1832 1581 1521 1749 1210 1243 1819 1812 1080 1178 1855 1813 1106 1839 1197 1873 1219 1627 1905 1563 1693 1000 1610 1387 1610 1631 1186 1116 1172 1213 1061 1399 1540 1022 1400 1559 1390 BCNSPRNW ULIB Ver.6.0+V

เปลี่ยนเป็นภาษาไทย

Change to English
 แสดงรายละเอียดบรรณานุกรม
  กลับหน้าหลัก

Brief Record : Get Marc (ISO 2709) : E-mail record : QR code < ปิดหน้าต่าง
LEADER : 00000nam 2200000uu 4500
001    13399112202
003     ULIB
008    110801s2554||||th 000 0 tha d
020    97861625200684
090    นว.^bว264พ 2554
100 0  วรรณศุกร์
245 00 พระจันทร์หวานใจ/^cวรรณศุกร์
260    กรุงเทพฯ:^b1168 publishing,^c2554.
300    300 หน้า
945    ^p189^l0^i18458
995    เกษร
999 ^a ใช้งานได้ทุกระบบ
รายการนี้ยังไม่มีแท็ก
คุณยังไม่ได้ล็อกอิน คุณสามารถมีกิจกรรมร่วมกับเว็บไซต์ได้ แต่ต้องล็อกอินก่อน ::
  ล็อกอิน

รายการสื่อสารสนเทศ

ลำดับที่ ประเภท เลขเรียก/บาร์โค้ด สถานที่ สถานะ
1. นวนิยาย
นวนิยาย
นว. ว264พ 2554  
  Barcode: 18458
ห้องสมุดวิทยาเขตสวรรค์ประชารักษ์
►นวนิยาย
บนชั้น
  ขอยืม

รายการใกล้เคียง
    ผู้แต่ง [วรรณศุกร์]

BibComment


ยังไม่เคยถูกคอมเมนท์

คอมเมนท์ทรัพยากรรายการนี้
  คอมเมนท์: พระจันทร์หวานใจ ว..


 Copyright 2026. Bcnsprnw @Library